| 000 | 00741nam a2200253Ia 4500 | ||
|---|---|---|---|
| 999 |
_c3756 _d3756 |
||
| 001 | 18369 | ||
| 003 | GBCCL | ||
| 005 | 20241126110502.0 | ||
| 008 | 920114q19801989txu 001 0 eng d | ||
| 035 | _a(OCoLC)25107795 | ||
| 040 |
_aIHT _cIHT _dLBB |
||
| 049 | _aLBBK | ||
| 082 |
_a224.106 _bBES |
||
| 090 |
_aBS1520 _b.B47 1980 |
||
| 092 | 0 |
_bB561, 1980z _220 |
|
| 100 | 1 |
_aBest, W. E. _9453 |
|
| 245 | 1 | 4 |
_aThe Saviour's definite redemption (Isaiah 53) / _cby W.E. Best. |
| 260 |
_aHouston, Tex. : _bSouth Belt Assembly of Christ, _c[198-?]. |
||
| 300 |
_a64 p. ; _c22 cm. |
||
| 500 | _aIncludes index. | ||
| 630 | 0 | 0 |
_aBible. _pO.T. _pIsaiah LIII _xCriticism, interpretation, etc. _97580 |
| 650 | 0 |
_aRedemption. _97581 |
|
| 942 |
_2ddc _cBK _06 |
||